000 01173nam a22003497a 4500
001 000482
003 DO-SdBPM
005 20250725103454.0
007 ta
008 160906b 2022 sp |||| 00| 0 spa d
020 _a9788490624951
040 _aDO-SdBPM
_bspa
_cBPMSU
_erda
082 4 _a813.5
_bF648p 2022
_222
100 1 _aFlynn, Gillian,
_d1971-
_eautor
245 1 0 _aPerdida /
_cGillian Flynn ; traducción de Óscar Palmer ; nota final de Rodrigo Fresán.
_b
264 _aBarcelona :
_bPenguin Random House Grpupo Editorial.
_c2022
300 _a567 páginas ;
_c23 cm.
_b
336 _atexto
_btxt
_2rdacontent
337 _asin mediación
_bn
_2rdamedia
338 _avolumen
_bnc
_2rdacarrier
490 0 _aBest-Seller
500 _aIncluye datos biográficos del autor
534 _pTítulo original :
_tGone girl.
590 _aInventariado, 2025/VM
650 7 _aNovela estadounidense.
650 7 _aPersonas casadas
_vNovela.
650 7 _aNovela policíaca
700 1 _aPalmer, Óscar,
_d1975-
_etraductor
700 1 _aFresán, Rodrigo,
_d1963-
_enotas
910 _aVMateo V. Control de calidad. BPMSU
942 _2ddc
_cBK
999 _c15269
_d15269